Hauptstädte der Länder die an Brasilien grenzen - Statistiken

Allgemein
  • Dieses Quiz wurde 69 mal gespielt
  • Das Durchschnittsergebnis liegt bei 8 aus 10
Antwortstatistiken
Hauptstadt % Korrekt
Buenos Aires
98%
Bogota
92%
Lima
90%
Montevideo
90%
Caracas
84%
Asuncion
78%
La Paz oder Sucre
78%
Georgetown
62%
Paris
62%
Paramaribo
60%
Keine übereinstimmenden Quizze gefunden
Verteilung der Resultate
Anzahl Personen mit jedem Resultat
Perzentil nach korrekt beantworteten Fragen
Ihre Resultats-Entwicklung
Sie haben dieses Quiz noch nicht gespielt